| 000 | 00487nam a2200181Ia 4500 | ||
|---|---|---|---|
| 001 | 64813 | ||
| 008 | 150303s9999 xx 000 0 und d | ||
| 020 | _aNA | ||
| 040 | _cPK-LaUMT | ||
| 082 |
_a 613.25 _bATK-A |
||
| 100 | _aAtkins, Robert C. | ||
| 245 |
_aAtkins niya ghazai inqalab (Urdu) [new diet revolution] _cAtkins, Robert C.|Ejaz Ahamd Rana |
||
| 260 |
_aLahore,Pakistan: _bTakhleqaat, _c2010 |
||
| 300 | _a360 p. | ||
| 546 | _aUR | ||
| 700 | _aEjaz Ahamd Rana | ||
| 942 | _cBK | ||
| 999 |
_c66857 _d66857 |
||